000 00205nam a22000857a 4500
008 161017b xxu||||| |||| 00| 0 eng d
100 _9867
_aNCERT
245 _aBiology-Class-XI
260 _aNew Delhi
_bNCERT
_c2006
999 _c3520
_d3520